Представление документа в формате MARC21

Поле Инд. ПП Название Значение
Тип записи a
Библиографический уровень m
001 Контрольный номер UNIDUBNAb866ec473fab4387b064f90b4f1eebb0
005 Дата корректировки 20260319141645.9
040 b Код языка каталог. rus
041 0_ a Код языка текста rus
084 a Индекс другой классификации/Индекс ББК 81.411.2-2
090 a Полочн. индекс 81.411.2-2
x Авторский знак П 641
100 1_ a Автор Потебня А. А.
q Полное имя Потебня Александр Афанасьевич
245 10 a Заглавие Из записок по русской грамматике
n Номер части/ раздела Т.3
p Название части/ раздела Об изменении хначения и заменах существительного
260 a Место издания Москва
b Издательство Просвещение
c Дата издания 1968
300 a Объем 551 с.
b Иллюстрации/ тип воспроизводства портр.
336 a Термин вида содержания Текст
337 a Термин типа средства непосредственный
650 04 a Основная рубрика грамматика
a Основная рубрика русский язык
a Основная рубрика филологические науки
a Основная рубрика частное языкознание
a Основная рубрика языкознание
653 0_ a Ключевые слова история языка
a Ключевые слова история языкознания
a Ключевые слова предикативность
a Ключевые слова прилагательное
a Ключевые слова развитие языка
a Ключевые слова синтаксис
a Ключевые слова существительное
655 a Жанр/ форма (устаревшее) научное издание
900 a Имя электронного ресурса obl_Potebnya_tom3
x Справочная информация Обложка
901 t Тип документа m
952 a Тип литературы для КСУ ВШ НАУ